Lựa chọn một số bài tập phát triển thể lực chuyên môn cho vận động viên đội tuyển bóng đá nữ trường Đại học Đồng Tháp Luận văn thạc sĩ giáo dục học. Chuyên ngành: Giáo dục thể chất. Mã số: 60.81.01

Uloženo v:
Podrobná bibliografie
Hlavní autor: Nguyễn, Hoàng Lâm Em
Další autoři: Trịnh, Trung Hiếu (Hướng dẫn)
Médium: Diplomová práce Souprava Kniha
Jazyk:Vietnamese
Vydáno: TP. Hồ Chí Minh Đại học sư phạm TDTT TP.Hồ Chí Minh 2013
Témata:
Tagy: Přidat tag
Žádné tagy, Buďte první, kdo otaguje tento záznam!
Thư viện lưu trữ: Trung tâm Học liệu Lê Vũ Hùng, Trường Đại học Đồng Tháp
LEADER 01503ppm a22003018a 4500
001 00031243
005 20171026081025.0
008 131011s2013 ||||||viesd
041 0 # |a vie 
082 1 4 |b L551CH  |a 796.334 07 
100 1 # |a Nguyễn, Hoàng Lâm Em 
245 0 0 |a Lựa chọn một số bài tập phát triển thể lực chuyên môn cho vận động viên đội tuyển bóng đá nữ trường Đại học Đồng Tháp  |b Luận văn thạc sĩ giáo dục học. Chuyên ngành: Giáo dục thể chất. Mã số: 60.81.01  |c Nguyễn Hoàng lâm Em; Trịnh Trung Hiếu (hướng dẫn) 
260 # # |a TP. Hồ Chí Minh  |b Đại học sư phạm TDTT TP.Hồ Chí Minh  |c 2013 
300 # # |a 61 tr + phụ lục.  |c 30cm.  |e bảnn tóm tắt+ CD 
500 # # |a ĐTTTS ghi: Học viện thể dục thể thao Thượng Hải. Trường Đại học sư phạm TDTT TP.Hồ Chí Minh 
653 # # |a Giáo dục thể chất 
653 # # |a Luận văn 
653 # # |a Đại học Đồng Tháp 
653 # # |a phát triển thể lực 
653 # # |a bóng đá nữ 
653 # # |a khoa học giáo dục 
700 1 # |a Trịnh, Trung Hiếu  |e Hướng dẫn 
852 # # |j LV.0000371 
852 # # |b Kho đọc SĐH  |j LV.0000371 
910 |d 11/10/2013 
980 # # |a Trung tâm Học liệu Lê Vũ Hùng, Trường Đại học Đồng Tháp